000 00836nam a2200205 i 4500
001 148912
003 ES-MaACL
005 20230906202852.0
007 t|
008 070214s1964 sp r ||||1| spa d
080 _a631.4(460.187)
245 0 4 _aLos suelos de la provincia de Salamanca /
_cInstituto de Edafología y Biología Vegetal del Consejo Superior de Investigaciones Cientificas.
260 _aSalamanca :
_bInstituto de Orientación y Asistencia Técnica del Oeste,
_c1964.
300 _a145 p., 6 lám. col. ;
_c24 cm.
594 _aPrecede al tít.: Diputación Provincial de Salamanca.
650 4 _aSuelos-
_zSalamanca (Provincia)
_9176363
710 2 _aInstituto de Edafología y Biología Vegetal.
_94868
710 2 _aInstituto de Orientación y Asistencia Técnica del Oeste.
_94990
852 4 _aES-MaACL
_jC-24773
999 _c148912
_d148912